NBA Name Unscrambler - Statistics

General Stats
  • This quiz has been taken 101 times
  • The average score is 5 of 7
Answer Stats
Hint Answer % Correct
RALYR RIBD Larry Bird
97%
KAHEEM OWUOALNJ Hakeem Olajuwon
91%
BEOK YTRBARN Kobe Bryant
90%
BERLNO MEJSA LeBron James
90%
KALU NOCIDC Luka Doncic
90%
REYJR EWTS Jerry West
77%
JHIHLA LRSAKHSE Elijah Harkless
5%
No matching quizzes found
Score Distribution
Percent of People with Each Score
Percentile by Number Answered
Your Score History
You have not taken this quiz